Turun kaupunginosat kartalla - Statistics

Yleistilastot
  • Tätä visaa on pelattu 3 364 kertaa
  • Keskiarvotulos 34 / 87
Vastaukset kartalla
Vastauksille on annettu kartalla punavihreä väri sen mukaan, kuinka moni on saanut sen oikein.
 
Vastaustilastot
Suuralue Kaupunginosa % Oikein
Keskusta V (Itäranta)
95%
Keskusta I
89%
Varissuo-Lauste Varissuo
85%
Keskusta IV (Martti)
81%
Keskusta Kupittaa
81%
Keskusta Ruissalo
81%
Keskusta VIII (Port Arthur)
76%
Pansio-Jyrkkälä Pansio
69%
Keskusta Satama
69%
Keskusta II
68%
Hirvensalo-Kakskerta Kakskerta
67%
Keskusta VI
66%
Runosmäki-Raunistula Runosmäki
64%
Keskusta III
63%
Pansio-Jyrkkälä Perno
61%
Skanssi-Uittamo Uittamo
61%
Keskusta VII
60%
Skanssi-Uittamo Ilpoinen
58%
Varissuo-Lauste Lauste
58%
Maaria-Paattinen Paattinen
57%
Skanssi-Uittamo Skanssi
57%
Nummi-Halinen Halinen
55%
Nummi-Halinen Nummi
55%
Skanssi-Uittamo Ispoinen
53%
Keskusta IX (Länsiranta)
52%
Skanssi-Uittamo Harittu
51%
Nummi-Halinen Itäharju
51%
Maaria-Paattinen Yli-Maaria
51%
Maaria-Paattinen Jäkärlä
49%
Keskusta Vähäheikkilä
49%
Keskusta Iso-Heikkilä
48%
Maaria-Paattinen Moisio
47%
Runosmäki-Raunistula Raunistula
47%
Skanssi-Uittamo Vasaramäki
46%
Varissuo-Lauste Pääskyvuori
44%
Pansio-Jyrkkälä Artukainen
43%
Hirvensalo-Kakskerta Haarla
42%
Runosmäki-Raunistula Kärsämäki
39%
Skanssi-Uittamo Katariina
38%
Skanssi-Uittamo Luolavuori
37%
Hirvensalo-Kakskerta Satava
36%
Nummi-Halinen Kohmo
35%
Länsikeskus Pohjola
35%
Varissuo-Lauste Vaala
35%
Skanssi-Uittamo Koivula
34%
Länsikeskus Mälikkälä
34%
Nummi-Halinen Oriketo
34%
Hirvensalo-Kakskerta Moikoinen
33%
Runosmäki-Raunistula Kastu
32%
Nummi-Halinen Kurala
32%
Maaria-Paattinen Lentokenttä
32%
Skanssi-Uittamo Peltola
32%
Keskusta Mäntymäki
31%
Nummi-Halinen Räntämäki
31%
Hirvensalo-Kakskerta Papinsaari
30%
Länsikeskus Pitkämäki
29%
Maaria-Paattinen Saramäki
29%
Hirvensalo-Kakskerta Pikisaari
27%
Länsikeskus Kähäri
25%
Nummi-Halinen Koroinen
25%
Länsikeskus Teräsrautela
24%
Runosmäki-Raunistula Kaerla
23%
Keskusta Korppolaismäki
23%
Pansio-Jyrkkälä Pahaniemi
22%
Hirvensalo-Kakskerta Friskala
21%
Maaria-Paattinen Urusvuori
21%
Länsikeskus Vätti
21%
Maaria-Paattinen Metsämäki
19%
Keskusta Kurjenmäki
18%
Hirvensalo-Kakskerta Maanpää
18%
Varissuo-Lauste Huhkola
17%
Hirvensalo-Kakskerta Lauttaranta
17%
Hirvensalo-Kakskerta Kukola
16%
Maaria-Paattinen Haaga
15%
Hirvensalo-Kakskerta Vepsä
15%
Hirvensalo-Kakskerta Oriniemi
14%
Skanssi-Uittamo Pihlajaniemi
14%
Hirvensalo-Kakskerta Illoinen
13%
Hirvensalo-Kakskerta Kaistarniemi
13%
Skanssi-Uittamo Puistomäki
13%
Hirvensalo-Kakskerta Toijainen
13%
Hirvensalo-Kakskerta Jänessaari
12%
Länsikeskus Ruohonpää
12%
Maaria-Paattinen Paimala
10%
Hirvensalo-Kakskerta Särkilahti
9%
Maaria-Paattinen Koskennurmi
8%
Maaria-Paattinen Tasto
8%
Ehtoja vastaavia visoja ei löytynyt
Tulosjakauma
Jokaisen tuloksen saaneiden osuus
Persentiili vastausten määrän mukaan
Tuloshistoriasi
Et ole pelannut tätä visaa